00710nam a22001937a 4500008004100000020001500041020001800056050002400074100002000098245016900118260005100287300003200338500002000370650002400390650001700414650002800431650003400459700002300493160927b xxu||||| |||| 00| 0 eng d a0066620538 a9780066620534 aHD 30.28b.J46 2001 aJennings, Jason aIt's not the big that eat the small... it's the fast that eat the slow :bhow to use speed as a competitive tool in business/cJason Jennings and Laurence Haughton. aNew York :bHarper-Collins Publishers ;c2001. avii, 262p. :bill. ;c23cm. aIncludes index. aStrategic planning. aCompetition. aTimexeconomic aspects. aCreative ability in business. aHaughton, Laurence